| 000 | 00528pab a2200193 454500 | ||
|---|---|---|---|
| 008 | 180718b2009 xxu||||| |||| 00| 0 eng d | ||
| 100 | _aAlam, ghayur | ||
| 245 | _aCultivation of medicinal plants in Uttarakhand | ||
| 260 | _c2009 | ||
| 300 | _ap.99-104. | ||
| 362 | _a7 Mar | ||
| 650 | _aCultivation - India - Uttarakhand | ||
| 650 | _aMedicinal plants - India - Uttarakhand | ||
| 650 | _aMedicinal plants | ||
| 700 | _aPeppelenbos, Lucian | ||
| 773 | _aEconomic and Political Weekly | ||
| 908 | _aN | ||
| 909 | _a81660 | ||
| 999 |
_c81660 _d81660 |
||